| 000 | 00825nam a2200253 a 4500 | ||
|---|---|---|---|
| 001 | 46243 | ||
| 003 | BD-RjUL | ||
| 005 | 20211209054127.0 | ||
| 008 | 160801s1963 pk a b 000 0 eng | ||
| 035 | _a(BD-RjUL)46361 | ||
| 040 |
_aDLC _cDLC _dDLC _beng |
||
| 041 | _aeng | ||
| 082 | 0 | 0 |
_a332.709549 _bPOL 1963 |
| 100 | 1 |
_aPorter, Richard C. _9141244 |
|
| 245 | 1 | 0 |
_aLiquidity and lending : _bthe volume of bank credit in Pakistan / _cRichard C. Porter. |
| 260 |
_aKarachi : _bInstitute of Development Economics, _c1963 |
||
| 300 |
_a143 p. : _bill. ; _c23 cm. |
||
| 490 | 1 | _aMonographs in the economics of development, no. 10 | |
| 504 | _aBibliographical footnotes. | ||
| 650 | 0 |
_aBank loans _zPakistan. _9141245 |
|
| 650 | 0 |
_aCredit _zPakistan. _9141246 |
|
| 942 |
_2ddc _cBK |
||
| 999 |
_c46243 _d46243 |
||